000 00374nam a22001697a 4500
005 20160628144623.0
008 160628b xxu||||| |||| 00| 0 eng d
020 _a0-7494-4403-7
041 _aeng
082 _b10605
100 _aTungate, Mark
_92669
245 _aMedia Monoliths
260 _bKogan
_c2005
300 _a249
650 _aManagement
_9241
942 _cBK
999 _c4475
_d4474